000 00533nam a2200205Ia 4500
003 OSt
005 20220925232915.0
006 a|||||r|||| 00| 0
007 ta
008 220923b |||||||| |||| 00| 0 eng d
037 _cGeneral Book
040 _aRTL
_cRTL
_beng
041 _2eng
_aeng
245 0 _aFault diagnosis of digital systems By Herbert Y C
260 _aNew York
_bWiley-Interscience
_c1970
300 _a159p
_ccm.
650 _aComputer Science
942 _cGB
_2CC
999 _c592450
_d592450